000 00414nam a2200181Ia 4500
008 210210b1950 xxu||||| |||| 00| 0 eng d
041 _aeng
082 _a824/287
100 _a-
245 _aShakespeare survey No 3
260 _aCambridge
_bAt the University Press.
_c1950
650 _asurvey
650 _aShakespeare
650 _aNo
650 _a3
690 _aEnglish Criticism
906 _a014237
999 _c133368
_d133368